000 00563nam a22001817a 4500
003 OSt
005 20251118103131.0
008 251118b |||||||| |||| 00| 0 eng d
020 _a81-207-2722-3.
040 _aDWCL-Main lib
_cOC
082 _aCirc. 158.11 K45w 2004
100 _aKhera, Shiv
245 _aWinning strategies :
_bwinners have will power, losers have won't power
_cKhera, Shiv
260 _aNew Delhi :
_bSterling Pub. Pvt. Ltd.,
_cc2004.
300 _a47 pages :
_billustration ;
_c18 cm.
650 _21. Success.
942 _2ddc
_cBK-CIRC
_kCirc.
_n0
999 _c5758
_d5758